000048507 001__ 48507 000048507 005__ 20160420145257.0 000048507 037__ $$aTAZ-TFM-2016-010 000048507 041__ $$aspa 000048507 1001_ $$aClavero Pina, Sergio 000048507 24500 $$aCálculo y dimensionado estructural para la instalación de un aserradero de madera 000048507 260__ $$aZaragoza$$bUniversidad de Zaragoza$$c2016 000048507 506__ $$aby-nc-sa$$bCreative Commons$$c3.0$$uhttp://creativecommons.org/licenses/by-nc-sa/3.0/ 000048507 520__ $$aDiseño y comprobación resistente de una estructura metálica para albergar un aserradero de madera. 000048507 521__ $$aGraduado en Ingeniería Mecánica 000048507 540__ $$aDerechos regulados por licencia Creative Commons 000048507 700__ $$aTabuenca Cintora, Víctor$$edir. 000048507 7102_ $$aUniversidad de Zaragoza$$bIngeniería Mecánica$$cMec. de Medios Contínuos y Teor. de Estructuras 000048507 8560_ $$f609410@celes.unizar.es 000048507 8564_ $$s5138802$$uhttps://zaguan.unizar.es/record/48507/files/TAZ-TFM-2016-010.pdf$$yMemoria (spa) 000048507 909CO $$ooai:zaguan.unizar.es:48507$$pdriver$$ptrabajos-fin-grado 000048507 950__ $$a 000048507 951__ $$adeposita:2016-04-20 000048507 980__ $$aTAZ$$bTFG$$cEINA